Premier League Players By Letter - L - Statistics

General Stats
  • This quiz has been taken 435 times
  • The average score is 11 of 16
Answer Stats
First Name Surname Club % Correct
Romelu Lukaku Everton
96%
Hugo Lloris Tottenham Hotspur
92%
Jesse Lingard Manchester United
88%
Erik Lamela Tottenham Hotspur
86%
Dejan Lovren Liverpool
84%
Adam Lallana Liverpool
80%
Lucas Leiva Liverpool
80%
Shane Long Southampton
80%
Rickie Lambert West Bromwich
70%
Aaron Lennon Everton
68%
Joleon Lescott Aston Villa
65%
Manuel Lanzini West Ham
64%
Sebastian Larsson Sunderland
40%
Kyle Lafferty Norwich City
36%
Joe Ledley Crystal Palace
36%
Jeremain Lens Sunderland
29%
No matching quizzes found
Score Distribution
Percent of People with Each Score
Percentile by Number Answered
Your Score History
You have not taken this quiz